| 000 | 01233nam0a2200313 4500 | ||
|---|---|---|---|
| 001 | RU\NLR\BIBL_A\022366841 | ||
| 005 | 20260406152142.0 | ||
| 035 | _a(NLR Aleph) 022366841 | ||
| 090 |
_a13327802 _c13327802 |
||
| 100 | _a20241029d1964 |||y0rusy50 ca | ||
| 101 | 1 |
_alav _crus |
|
| 102 | _aLV | ||
| 105 | _aa z 000 y | ||
| 181 | 0 |
_ai _baxxe |
|
| 182 | 0 | _an | |
| 200 | 1 |
_aKas ir labi un kas ir slikti _e[dzejolis] _fVladimirs Majakovskis _gatdzejojis P. Vilips ; ilustrējis V. Kovaļovs |
|
| 203 |
_aТекст _bвизуальный _cнепосредственный |
||
| 210 |
_aRīga _cLatvijas valsts izdevniecība _d1964 |
||
| 215 |
_a31 с. _cил. _d14 |
||
| 541 | 1 |
_6z01790 _aЧто такое хорошо и что такое плохо _eстихотворение _zrus |
|
| 686 | 1 | _aШ5(2=Р)-335 | |
| 700 | 1 |
_4070 _8rus _7ca _aМаяковский _bВ. В. _f1893-1930 _gВладимир Владимирович _3RU\NLR\AUTH\775761 _9115720 |
|
| 702 | 1 |
_aVīlips _bP. _f1901-1979 _gPāvils _4730 |
|
| 702 | 1 |
_aКовалев _bВ. _f1917- _gВасилий _4440 |
|
| 790 | 1 |
_6z01541 _aВилипс _bП. _f1901-1979 _gПавилс _4730 |
|
| 852 |
_aNLR _bОНЛ _jЛатыш./1-1461 |
||
| 942 | _cBOOK | ||
| 980 | _aNB | ||